[Event "GER-chT School WK Girls"]
[Site "Playchess.com INT"]
[Date "2020.06.17"]
[Round "4.2"]
[White "Beck, Rebecca"]
[Black "Nguyen, Ngan Ha"]
[Result "1-0"]
[WhiteElo "1545"]
[BlackElo "1522"]
[PlyCount "91"]
[EventDate "2020.06.10"]
[EventType "team-swiss (blitz)"]
[EventRounds "7"]
[EventCountry "GER"]
[SourceTitle "EXT 2021"]
[Source "ChessBase"]
[SourceDate "2020.10.23"]
[SourceVersion "1"]
[SourceVersionDate "2020.10.23"]
[SourceQuality "1"]
[WhiteTeam "Niederalteich St Gotth"]
[BlackTeam "Hamburg Dempwolffstr"]
[WhiteTeamCountry "GER"]
[BlackTeamCountry "GER"]

1. Nf3 Nf6 2. Nc3 Nc6 3. e4 e5 4. Bc4 Bc5 5. d4 Bxd4 6. Nxd4 Nxd4 7. Be3 d6 8. g3 d5 9. exd5 Bf5 10. g4 Nxc2+ 11. Kf1 Nxa1 12. Qxa1 Bxg4 13. Rg1 0-0 14. Be2 Bh3+ 15. Ke1 c6 16. dxc6 bxc6 17. Rg3 Bf5 18. f4 exf4 19. Bxf4 Qd7 20. Qd1 Rad8 21. Bd3 Bxd3 22. Rxd3 Qg4 23. Qf3 Qg1+ 24. Qf1 Qg4 25. Rg3 Qe6+ 26. Kf2 Qf5 27. Rf3 Rd2+ 28. Bxd2 Ne4+ 29. Nxe4 Qxe4 30. Qe2 Qh4+ 31. Ke3 h6 32. Rf4 Qg3+ 33. hxg3 Rb8 34. Bc3 c5 35. Rf5 c4 36. Be5 Rc8 37. b3 c3 38. Qe1 c2 39. Qc1 a6 40. Rf2 Ra8 41. Rxc2 a5 42. Rc7 a4 43. bxa4 Rxa4 44. Rc8+ Kh7 45. Qc2+ g6 46. Rh8# 1-0